[Event "22nd Honor to National Resistance"]
[Site "Nikaia"]
[Date "2014.08.28"]
[Round "3.20"]
[White "Pandelidis, Ioannis"]
[Black "Koutsidis, Achilleas"]
[Result "1-0"]
[WhiteElo "2070"]
[BlackElo "1729"]
[PlyCount "83"]
[EventDate "2014.08.26"]

1. e4 c5 2. Nc3 Nc6 3. Bb5 Nd4 4. Nf3 Nxb5 5. Nxb5 d6 6. O-O Nf6 7. Re1 g6 8.
d4 a6 9. Nc3 cxd4 10. Qxd4 Bg7 11. Bg5 O-O 12. Rad1 Be6 13. Qd2 Qb6 14. b3 Rac8
15. Nd5 Nxd5 16. exd5 Bf5 17. c4 Bf6 18. Rxe7 Bxe7 19. Bxe7 f6 20. Bxf8 Rxf8
21. Re1 Qd8 22. Nd4 Bd7 23. a4 Re8 24. Ne6 Bxe6 25. dxe6 Qe7 26. h4 Kg7 27. h5
g5 28. Qd5 Rc8 29. Rd1 Rc6 30. Rd3 a5 31. Qf5 Rc5 32. h6+ Kg8 33. Rd5 b6 34.
Rxc5 bxc5 35. Qd5 Kf8 36. Kh2 Qd8 37. Qf5 Qe7 38. g3 Kg8 39. f4 gxf4 40. gxf4
Qf8 41. Qg4+ Kh8 42. e7 1-0

[Event "22nd Honor to National Resistance"]
[Site "Nikaia"]
[Date "2014.08.28"]
[Round "3.21"]
[White "Markesinis, Eleftherios"]
[Black "Poulopoulou, Ekaterini"]
[Result "1-0"]
[WhiteElo "2029"]
[BlackElo "1625"]
[PlyCount "67"]
[EventDate "2014.08.26"]

1. d4 Nf6 2. c4 e6 3. g3 Bb4+ 4. Bd2 Bxd2+ 5. Nxd2 d6 6. Bg2 Qe7 7. e3 O-O 8.
Ne2 e5 9. O-O Nbd7 10. d5 Re8 11. Qc2 Nf8 12. b4 Ng6 13. Nc3 Rf8 14. Rac1 Ne8
15. Rfe1 f5 16. f4 Nf6 17. Nb3 Re8 18. Qd2 e4 19. Red1 Nf8 20. c5 a6 21. Bf1 g5
22. cxd6 cxd6 23. Na4 gxf4 24. gxf4 Qg7+ 25. Kh1 N8d7 26. Nd4 Qg6 27. Bh3 Qh5
28. Rg1+ Kh8 29. Bxf5 Nxd5 30. Rg5 Qh4 31. Bxd7 Bxd7 32. Rxd5 Bxa4 33. Rg5 h6
34. Nf5 1-0

[Event "22nd Honor to National Resistance"]
[Site "Nikaia"]
[Date "2014.08.28"]
[Round "3.22"]
[White "Fessas, Prokopios"]
[Black "Hrysogelou, Athanasia-Panagiota"]
[Result "1-0"]
[WhiteElo "1981"]
[BlackElo "1494"]
[PlyCount "117"]
[EventDate "2014.08.26"]

1. Nf3 c5 2. c4 Nf6 3. Nc3 Nc6 4. g3 d5 5. cxd5 Nxd5 6. d4 e6 7. Bg2 Nxc3 8.
bxc3 cxd4 9. Nxd4 Nxd4 10. Qxd4 Be7 11. O-O O-O 12. Rb1 Bf6 13. Qxd8 Rxd8 14.
Be3 Bxc3 15. Bxb7 Bxb7 16. Rxb7 a5 17. Rfb1 h6 18. f3 Bd2 19. Kf2 Bb4 20. Rc1
Rac8 21. Rbc7 Rxc7 22. Rxc7 Rd1 23. Rc8+ Kh7 24. Rc1 Rd7 25. Rc2 Kg6 26. g4 Kf6
27. Bc5 Rb7 28. Bxb4 axb4 29. Rb2 Ra7 30. Ke3 Ke5 31. f4+ Kd5 32. Rxb4 Ra3+ 33.
Rb3 Rxa2 34. Rd3+ Kc6 35. h4 Ra5 36. Rd8 Ra3+ 37. Kf2 Rh3 38. h5 Rh2+ 39. Kf3
Rh3+ 40. Kg2 Re3 41. Kf2 Re4 42. Kf3 Ra4 43. Rg8 Ra3+ 44. e3 Kd6 45. Rxg7 Ra7
46. Rh7 Kd5 47. Rxh6 Kd6 48. f5 Ke5 49. fxe6 fxe6 50. g5 Kf5 51. g6 Kf6 52. Rh7
Rxh7 53. gxh7 Kg7 54. Kg4 Kxh7 55. Kg5 Kg7 56. h6+ Kh7 57. Kf6 Kxh6 58. Kxe6
Kg7 59. Ke7 1-0

[Event "22nd Honor to National Resistance"]
[Site "Nikaia"]
[Date "2014.08.28"]
[Round "3.23"]
[White "Hairopoulos, Stefanos"]
[Black "Papasimakopoulos, Alexandros"]
[Result "0-1"]
[WhiteElo "1779"]
[BlackElo "2270"]
[PlyCount "80"]
[EventDate "2014.08.26"]

1. d4 g6 2. c3 Bg7 3. e4 e6 4. Nf3 Ne7 5. Bf4 d5 6. Nbd2 Nd7 7. Be2 O-O 8. O-O
b6 9. Re1 Bb7 10. e5 c5 11. Bd3 Nb8 12. a3 Ba6 13. Bxa6 Nxa6 14. Qa4 Nb8 15.
Nf1 Qe8 16. Qc2 Nbc6 17. Ne3 cxd4 18. cxd4 Rc8 19. Qd2 Na5 20. Rad1 Qa4 21. Ng4
Rc2 22. Qd3 Qc4 23. b4 Qxd3 24. Rxd3 Nc4 25. Ne3 Ra2 26. Rc1 Rc8 27. Rcc3 Ra1+
28. Rd1 Rxa3 29. Rdc1 Rxc3 30. Rxc3 b5 31. Rc1 Bf8 32. Ra1 Nxe3 33. fxe3 Nc6
34. Ng5 Bxb4 35. Bg3 Bc3 36. Rf1 Rc7 37. Nf3 b4 38. Bh4 b3 39. Bf6 b2 40. Ng5
Bd2 0-1

[Event "22nd Honor to National Resistance"]
[Site "Nikaia"]
[Date "2014.08.28"]
[Round "3.24"]
[White "Michelakos, Panagiotis"]
[Black "Aggelopoulos, Fotios"]
[Result "1-0"]
[WhiteElo "2146"]
[BlackElo "1682"]
[PlyCount "61"]
[EventDate "2014.08.26"]

1. d4 d5 2. c4 c6 3. Nf3 Nf6 4. Nc3 e6 5. Bg5 Nbd7 6. e3 Bd6 7. Bd3 h6 8. Bh4
O-O 9. O-O dxc4 10. Bxc4 Qa5 11. a4 b6 12. e4 Bb4 13. e5 Bxc3 14. exf6 Bxb2 15.
fxg7 Kxg7 16. Rb1 Ba3 17. Qd3 Bd6 18. d5 cxd5 19. Bb5 Rg8 20. Rfc1 Nc5 21. Qd4+
Kf8 22. Qf6 Bd7 23. Rxc5 Bxb5 24. Rcxb5 Qxa4 25. Nd4 Rg6 26. Qh8+ Rg8 27. Nxe6+
fxe6 28. Qf6+ Ke8 29. Qxe6+ Kf8 30. Qxh6+ Kf7 31. Qf6+ 1-0

[Event "22nd Honor to National Resistance"]
[Site "Nikaia"]
[Date "2014.08.28"]
[Round "3.25"]
[White "Salahidi, Reveka"]
[Black "Pappelis, Dimitrios"]
[Result "0-1"]
[WhiteElo "1754"]
[BlackElo "2073"]
[PlyCount "77"]
[EventDate "2014.08.26"]

1. e4 e5 2. Nf3 Nc6 3. Bb5 Nf6 4. d3 Bc5 5. O-O d6 6. c3 O-O 7. h3 a6 8. Ba4 b5
9. Bc2 a5 10. Re1 h6 11. Nbd2 Re8 12. Nf1 Bb6 13. Ng3 d5 14. Bd2 Be6 15. Qc1
dxe4 16. dxe4 Bc5 17. Nh4 Ng4 18. hxg4 Qxh4 19. Be3 Bxe3 20. Qxe3 Bxg4 21. Qc5
Re6 22. Bb3 Qe7 23. Qxb5 Rb8 24. Qc4 Qg5 25. Re3 Rf6 26. Ne2 h5 27. Qd3 h4 28.
Rb1 Rd8 29. Bd5 Rdd6 30. Rf1 Ne7 31. c4 c6 32. c5 Rd7 33. Bxf7+ Kxf7 34. Qb3+
Be6 35. Qc3 Kg8 36. Qxa5 Ng6 37. Qa8+ Kh7 38. Qe8 Bg4 39. f3 0-1

[Event "22nd Honor to National Resistance"]
[Site "Nikaia"]
[Date "2014.08.28"]
[Round "3.26"]
[White "Sienczewski, Zbigniew"]
[Black "Ropokis, Dimitrios"]
[Result "1-0"]
[WhiteElo "2040"]
[BlackElo "1678"]
[PlyCount "79"]
[EventDate "2014.08.26"]

1. g3 d5 2. Bg2 Bf5 3. c4 e6 4. cxd5 exd5 5. Qb3 Be4 6. Bxe4 dxe4 7. Qxb7 Nd7
8. Qxe4+ Be7 9. Nf3 Ngf6 10. Qc2 c5 11. O-O O-O 12. d3 h6 13. Nbd2 Nb6 14. Nc4
Nbd5 15. b3 Nb4 16. Qd2 Nfd5 17. Bb2 a5 18. Nfe5 Bg5 19. f4 Bf6 20. a3 Bxe5 21.
Nxe5 Na6 22. Rab1 Ne7 23. Qc3 f6 24. Qc4+ Kh7 25. Qe4+ f5 26. Qc4 Nd5 27. Rf3
Qd6 28. e4 Nb6 29. Qc3 Nc7 30. Nc4 Qg6 31. Nxb6 Ra6 32. Nd7 Rd8 33. Ne5 Qh5 34.
Rbf1 fxe4 35. dxe4 Ne6 36. Qc4 Rad6 37. R3f2 Nd4 38. Bxd4 Rxd4 39. Qf7 Qh3 40.
Qf5+ 1-0

[Event "22nd Honor to National Resistance"]
[Site "Nikaia"]
[Date "2014.08.28"]
[Round "3.27"]
[White "Papadopoulos, Asterios"]
[Black "Nikolaidis, Marios-Andreas"]
[Result "0-1"]
[WhiteElo "1723"]
[BlackElo "1985"]
[PlyCount "66"]
[EventDate "2014.08.26"]

1. e4 e5 2. Nf3 Nc6 3. Bb5 a6 4. Ba4 Nf6 5. d3 b5 6. Bb3 Bc5 7. O-O d6 8. c3
Bb7 9. h3 h6 10. Re1 O-O 11. Nbd2 Re8 12. Nf1 Bb6 13. Ng3 Ne7 14. d4 Ng6 15. d5
Qd7 16. Be3 Bxe3 17. fxe3 c6 18. c4 bxc4 19. Bxc4 cxd5 20. exd5 e4 21. Nd2 Re5
22. Qb3 Rae8 23. Rad1 Rg5 24. Kh2 Nh4 25. Rf1 Nh5 26. Rf4 Nxg2 27. Nxh5 Rxh5
28. Kxg2 Qxh3+ 29. Kf2 Qh2+ 30. Ke1 Qg3+ 31. Kf1 Rh1+ 32. Ke2 Rh2+ 33. Kf1 Bc8
0-1

[Event "22nd Honor to National Resistance"]
[Site "Nikaia"]
[Date "2014.08.28"]
[Round "3.28"]
[White "Kouskoutis, Georgios-Alexandros"]
[Black "Karakatsanis, Nikolaos"]
[Result "1-0"]
[WhiteElo "1981"]
[BlackElo "1675"]
[PlyCount "95"]
[EventDate "2014.08.26"]

1. e4 e5 2. Nf3 Nf6 3. Nxe5 d6 4. Nf3 Nxe4 5. Nc3 Nxc3 6. dxc3 Be7 7. Be3 Be6
8. Qd2 Nc6 9. O-O-O a6 10. Be2 h6 11. h3 Qd7 12. a3 O-O-O 13. Rhe1 Bf6 14. Nd4
Nxd4 15. Bxd4 Bxd4 16. Qxd4 f6 17. Qa7 c6 18. c4 Rhe8 19. c5 d5 20. Rd4 Bf5 21.
Rb4 Qc7 22. Kd1 Rd7 23. Bxa6 Rxe1+ 24. Kxe1 Re7+ 25. Kd1 Qe5 26. Qa8+ Qb8 27.
Qxb8+ Kxb8 28. Bd3 Bxd3 29. cxd3 Kc7 30. Kd2 Re5 31. Rf4 Kd7 32. Rf3 Re8 33.
Rg3 Re7 34. Re3 Rf7 35. f4 f5 36. h4 g6 37. Kc3 Rf8 38. Kd4 h5 39. Rg3 Rf6 40.
b4 Re6 41. a4 Rf6 42. b5 Re6 43. Re3 Rf6 44. bxc6+ bxc6 45. a5 Rf8 46. Rg3 Rg8
47. Ke5 Ke7 48. a6 1-0

[Event "22nd Honor to National Resistance"]
[Site "Nikaia"]
[Date "2014.08.28"]
[Round "3.29"]
[White "Tsouptsis, Sotirios"]
[Black "Giannoulakis, Labros"]
[Result "0-1"]
[WhiteElo "1628"]
[BlackElo "1970"]
[PlyCount "80"]
[EventDate "2014.08.26"]

1. e4 c5 2. Nf3 d6 3. d4 Nf6 4. dxc5 Nxe4 5. cxd6 Nc6 6. Bf4 Qb6 7. Be3 Qxb2 8.
Nbd2 Nc3 9. Qc1 Qxc1+ 10. Rxc1 Nxa2 11. Rb1 Nab4 12. Bc5 Nxc2+ 13. Kd1 exd6 14.
Kxc2 dxc5 15. Re1+ Be7 16. Bb5 Bf5+ 17. Kc1 Be6 18. Ne5 O-O 19. Nxc6 bxc6 20.
Bxc6 Rab8 21. f4 c4 22. Kc2 c3 23. Nf3 Bb3+ 24. Kxc3 Bb4+ 25. Kxb3 Bxe1+ 26.
Ka2 Bc3 27. Rc1 Bf6 28. g3 Rfc8 29. Rc4 Rb6 30. Bd5 Rxc4 31. Bxc4 Kf8 32. Ka3
Ke7 33. h3 h6 34. Nd2 g5 35. fxg5 Bxg5 36. Ne4 f5 37. Nc3 Kd6 38. Bd3 Ke5 39.
Ne2 Rd6 40. Bc4 Bd2 0-1

[Event "22nd Honor to National Resistance"]
[Site "Nikaia"]
[Date "2014.08.28"]
[Round "3.30"]
[White "Petougias, Georgios"]
[Black "Stratigopoulos, Sotirios"]
[Result "1-0"]
[WhiteElo "1949"]
[BlackElo "1628"]
[PlyCount "45"]
[EventDate "2014.08.26"]

1. e4 g6 2. d4 Bg7 3. Nc3 d6 4. f4 c5 5. Be3 Qa5 6. Qd2 cxd4 7. Bxd4 Bxd4 8.
Qxd4 Nf6 9. e5 Nc6 10. Bb5 dxe5 11. fxe5 Ng4 12. e6 Nf6 13. exf7+ Kxf7 14. Qf2
Bf5 15. O-O-O Nb4 16. Bc4+ Kg7 17. Bb3 Rac8 18. Nge2 Ng4 19. Qh4 Qc5 20. Nd4
Ne3 21. Rhe1 Qe5 22. Qg5 Nbxc2 23. Bxc2 1-0

[Event "22nd Honor to National Resistance"]
[Site "Nikaia"]
[Date "2014.08.29"]
[Round "4.1"]
[White "Kotronias, Vasilios"]
[Black "Ioannidis, Evgenios"]
[Result "1-0"]
[WhiteElo "2552"]
[BlackElo "2064"]
[PlyCount "65"]
[EventDate "2014.08.26"]

1. e4 c5 2. Nf3 d6 3. d4 cxd4 4. Nxd4 Nf6 5. Nc3 a6 6. h3 e6 7. g4 d5 8. Nde2
Bb4 9. a3 Bxc3+ 10. Nxc3 d4 11. e5 dxc3 12. Qxd8+ Kxd8 13. exf6 gxf6 14. b4 Bd7
15. Bf4 Bc6 16. O-O-O+ Nd7 17. Rg1 e5 18. Bh6 Bb5 19. Bg7 Rg8 20. Bxf6+ Ke8 21.
Bxe5 Nxe5 22. Re1 f6 23. f4 Kf7 24. fxe5 Rge8 25. Rg3 Bxf1 26. Rxf1 Rxe5 27.
Rxc3 Kg6 28. Rc7 Re3 29. Kb2 Rb8 30. h4 Re4 31. h5+ Kg5 32. Rf5+ Kxg4 33. Rxf6
1-0

[Event "22nd Honor to National Resistance"]
[Site "Nikaia"]
[Date "2014.08.29"]
[Round "4.2"]
[White "Karagiannis, Athanasios"]
[Black "Kapnisis, Spyridon"]
[Result "0-1"]
[WhiteElo "2214"]
[BlackElo "2458"]
[PlyCount "92"]
[EventDate "2014.08.26"]

1. Nf3 c5 2. g3 Nc6 3. Bg2 g6 4. c4 Bg7 5. Nc3 d6 6. O-O e5 7. d3 Nge7 8. Bd2
O-O 9. Qc1 Rb8 10. Bh6 f6 11. Bxg7 Kxg7 12. a3 a6 13. Rb1 b5 14. cxb5 axb5 15.
b4 cxb4 16. axb4 d5 17. Qb2 d4 18. Ne4 Nd5 19. Rfc1 Qb6 20. Ra1 Ncxb4 21. Nfd2
Na6 22. Qa2 Nac7 23. Qa7 Ba6 24. Rxa6 Qxa6 25. Rxc7+ Nxc7 26. Qxc7+ Kh8 27. Nd6
Qa1+ 28. Nf1 Qa2 29. Qe7 Qg8 30. Nd2 b4 31. Bh3 Qg7 32. Qe6 Qc7 33. f4 exf4 34.
Qd5 b3 35. Nxb3 Rxb3 36. gxf4 Rb6 37. Ne4 Rb1+ 38. Kg2 Qxf4 39. Qxd4 Qf1+ 40.
Kg3 Qg1+ 41. Qxg1 Rxg1+ 42. Kf2 Rh1 43. Kg2 Rc1 44. Be6 f5 45. Ng5 Re8 46. Kf2
Rc2 0-1

[Event "22nd Honor to National Resistance"]
[Site "Nikaia"]
[Date "2014.08.29"]
[Round "4.3"]
[White "Goumas, Georgios"]
[Black "Sidiropoulos, Nikolaos"]
[Result "1-0"]
[WhiteElo "2371"]
[BlackElo "1923"]
[PlyCount "57"]
[EventDate "2014.08.26"]

1. e4 g6 2. d4 Bg7 3. Nc3 c6 4. Be3 Nf6 5. Qd2 O-O 6. f3 d6 7. O-O-O Qa5 8. Bh6
b5 9. h4 b4 10. Nb1 Rd8 11. Bxg7 Kxg7 12. h5 Rh8 13. g4 h6 14. hxg6 fxg6 15. d5
Nbd7 16. g5 hxg5 17. Rxh8 Kxh8 18. Qxg5 Kg7 19. Ne2 cxd5 20. f4 Qc5 21. Nd4 Nf8
22. exd5 Bg4 23. Rd2 Rc8 24. f5 Rc7 25. Ne6+ Nxe6 26. Qxg6+ Kf8 27. fxe6 Bh5
28. Qh6+ Ke8 29. Qh8+ 1-0

[Event "22nd Honor to National Resistance"]
[Site "Nikaia"]
[Date "2014.08.29"]
[Round "4.4"]
[White "Markantonaki, Haritomeni"]
[Black "Alexakis, Dimitrios"]
[Result "1-0"]
[WhiteElo "2180"]
[BlackElo "2221"]
[PlyCount "111"]
[EventDate "2014.08.26"]

1. e4 c5 2. Nf3 d6 3. d4 cxd4 4. Nxd4 Nf6 5. Nc3 g6 6. Be3 Bg7 7. f3 O-O 8. Qd2
Nc6 9. O-O-O d5 10. exd5 Nxd5 11. Nxc6 bxc6 12. Bd4 Bxd4 13. Qxd4 Qb6 14. Nxd5
cxd5 15. Qxd5 Bf5 16. Bc4 Rad8 17. Qe5 Rc8 18. b3 Rc5 19. Qb2 Rfc8 20. Rd2 a5
21. g4 Be6 22. Bxe6 Qxe6 23. Qd4 Qc6 24. Qe4 Qf6 25. Kb1 a4 26. Qxa4 Qxf3 27.
Re1 e5 28. Qe4 Qc3 29. Red1 Kg7 30. g5 Ra5 31. Rd7 Qh3 32. Qb7 Rf8 33. Qb6 Raa8
34. Qf6+ Kg8 35. Qxe5 Rae8 36. Qf4 Qe6 37. h4 Rc8 38. Qd4 Qf5 39. Qd3 Qe5 40.
Rf1 Rce8 41. Qd5 Qxd5 42. Rxd5 Re4 43. a4 Rxh4 44. a5 Re4 45. Rf6 Kg7 46. a6 h5
47. Rd7 Re5 48. a7 Ra5 49. Kb2 h4 50. b4 Ra4 51. Kb3 Ra1 52. Rf3 Kg8 53. b5 Rc8
54. Rb7 Rf8 55. b6 f5 56. Rb8 1-0

[Event "22nd Honor to National Resistance"]
[Site "Nikaia"]
[Date "2014.08.29"]
[Round "4.5"]
[White "Gkikas, Hristos"]
[Black "Kourkoulos-Arditis, Stamatis"]
[Result "1/2-1/2"]
[WhiteElo "1907"]
[BlackElo "2296"]
[PlyCount "72"]
[EventDate "2014.08.26"]

1. c4 Nf6 2. Nf3 e6 3. g3 d5 4. cxd5 exd5 5. d4 Bd6 6. Bg2 O-O 7. O-O Re8 8.
Nc3 c6 9. Re1 Bg4 10. Qc2 Nbd7 11. e4 dxe4 12. Ng5 Qa5 13. Qb3 Nd5 14. Bd2 Qb6
15. Ngxe4 Nxc3 16. Nxd6 Rxe1+ 17. Rxe1 Qxb3 18. axb3 Ne2+ 19. Kf1 Nxd4 20. Nxb7
Nf3 21. Bxf3 Bxf3 22. Be3 a6 23. Nc5 Nf6 24. Bd4 Nd5 25. Ra1 Rd8 26. Nxa6 h5
27. Nc5 Nf4 28. Bc3 Nd5 29. h4 Rb8 30. Ra6 Re8 31. Ra1 Re2 32. Re1 Rc2 33. Bd4
Nc7 34. Re3 Bd5 35. Re2 Rc1+ 36. Re1 Rc2 1/2-1/2

[Event "22nd Honor to National Resistance"]
[Site "Nikaia"]
[Date "2014.08.29"]
[Round "4.6"]
[White "Delithanasis, Dimitrios"]
[Black "Sirigos, Nikolaos"]
[Result "1-0"]
[WhiteElo "2095"]
[BlackElo "2256"]
[PlyCount "71"]
[EventDate "2014.08.26"]

1. d4 d6 2. e4 Nf6 3. f3 Nbd7 4. c4 e5 5. Ne2 Be7 6. Nbc3 O-O 7. Be3 c6 8. d5
cxd5 9. cxd5 Nh5 10. Qd2 Nb6 11. b3 Bd7 12. g3 g6 13. Bg2 f5 14. O-O Rc8 15.
Rac1 Ng7 16. Rc2 g5 17. Rfc1 f4 18. gxf4 gxf4 19. Bf2 Bh4 20. Qe1 Bxf2+ 21.
Qxf2 Ne8 22. a4 a6 23. Kh1 Kh8 24. Ng1 Rg8 25. Nce2 Rxc2 26. Rxc2 Nc8 27. Bh3
Bxh3 28. Nxh3 Qd7 29. Neg1 Qd8 30. Qe1 Ne7 31. Qh4 Rg7 32. Ng5 Qb6 33. Rg2 Ng8
34. Qh5 Ngf6 35. Qf7 Rg8 36. Qxf6+ 1-0

[Event "22nd Honor to National Resistance"]
[Site "Nikaia"]
[Date "2014.08.29"]
[Round "4.7"]
[White "Tsolakidou, Stavroula"]
[Black "Pandelidis, Ioannis"]
[Result "1-0"]
[WhiteElo "2240"]
[BlackElo "2070"]
[PlyCount "155"]
[EventDate "2014.08.26"]

1. e4 c5 2. Nf3 Nc6 3. d4 cxd4 4. Nxd4 e5 5. Nb5 d6 6. c4 Be7 7. Bd3 a6 8. N5c3
Bg5 9. Nd5 Bxc1 10. Qxc1 Be6 11. Nbc3 Rc8 12. O-O Nf6 13. Qg5 O-O 14. f4 Bxd5
15. exd5 h6 16. Qh4 Qb6+ 17. Kh1 e4 18. Nxe4 Nxe4 19. Bxe4 Nb4 20. b3 a5 21.
Bf5 Rce8 22. g4 Re2 23. g5 Qd8 24. Qg4 Qe7 25. gxh6 g6 26. Be6 Rxe6 27. dxe6
Nc2 28. f5 Nxa1 29. fxg6 fxg6 30. Qxg6+ Kh8 31. Rg1 Rb8 32. Qg7+ Qxg7 33. hxg7+
Kg8 34. Rxa1 Kxg7 35. e7 Kf7 36. Re1 Ke8 37. h4 b5 38. cxb5 Rxb5 39. Re4 d5 40.
Re5 a4 41. bxa4 Ra5 42. h5 Rxa4 43. Rxd5 Kxe7 44. Rd2 Kf7 45. Rg2 Rh4+ 46. Rh2
Ra4 47. Kg1 Kg7 48. Kf1 Kh6 49. Ke1 Ra8 50. Kd1 Rd8+ 51. Kc1 Rc8+ 52. Kb1 Rf8
53. Rh3 Rf2 54. a3 Rg2 55. Rh4 Rf2 56. a4 Kg5 57. Rh3 Kh6 58. a5 Rf1+ 59. Kb2
Rf2+ 60. Kb3 Rf5 61. Kb4 Rf4+ 62. Kb5 Rf5+ 63. Kb6 Rf6+ 64. Kb7 Rf7+ 65. Kc8
Rf8+ 66. Kd7 Rf7+ 67. Ke6 Rf2 68. Ra3 Re2+ 69. Kd5 Rd2+ 70. Kc4 Rc2+ 71. Kd3
Rc7 72. a6 Ra7 73. Kc4 Kh7 74. Kc5 Kg7 75. Kb6 Rf7 76. a7 Rf6+ 77. Kc5 Rf5+ 78.
Kd4 1-0

[Event "22nd Honor to National Resistance"]
[Site "Nikaia"]
[Date "2014.08.29"]
[Round "4.8"]
[White "Kondopoulos, Dimitrios"]
[Black "Koutoukidis, Panagiotis"]
[Result "0-1"]
[WhiteElo "2039"]
[BlackElo "2190"]
[PlyCount "96"]
[EventDate "2014.08.26"]

1. e4 c6 2. Nc3 d5 3. Nf3 Bg4 4. h3 Bxf3 5. Qxf3 e6 6. d3 Nd7 7. Bd2 Ngf6 8.
O-O-O Bb4 9. g4 d4 10. Nb1 Bxd2+ 11. Nxd2 g5 12. h4 Rg8 13. Nc4 b5 14. Nd6+ Ke7
15. Qg3 Qb8 16. e5 Nxe5 17. Ne4 Nexg4 18. Nxf6 Nxf6 19. hxg5 Nd5 20. Qh4 Qf4+
21. Qxf4 Nxf4 22. Rh4 e5 23. Re1 Kd6 24. Rxh7 Raf8 25. Rh6+ Rg6 26. Be2 Rxh6
27. gxh6 Rh8 28. Kd2 Rxh6 29. Rg1 Rh2 30. Ke1 Rh8 31. Bf3 a5 32. Rg7 Rf8 33.
Rh7 Ne6 34. Kd2 Nc5 35. Rh6+ f6 36. Rh7 Na4 37. Ra7 Nxb2 38. Rxa5 Na4 39. Ra6
Rc8 40. Kc1 Nc3 41. a3 f5 42. Kd2 e4 43. Be2 Rh8 44. Ra7 Rh2 45. Ke1 Nxe2 46.
Kxe2 e3 47. Rf7 Rxf2+ 48. Kd1 f4 0-1

[Event "22nd Honor to National Resistance"]
[Site "Nikaia"]
[Date "2014.08.29"]
[Round "4.9"]
[White "Kouvatsos, Filippos"]
[Black "Markesinis, Eleftherios"]
[Result "1/2-1/2"]
[WhiteElo "2157"]
[BlackElo "2029"]
[PlyCount "93"]
[EventDate "2014.08.26"]

1. d4 Nf6 2. c4 e6 3. g3 Bb4+ 4. Bd2 Qe7 5. Bg2 O-O 6. a3 Bxd2+ 7. Nxd2 d6 8.
e4 e5 9. d5 Nbd7 10. Ne2 Re8 11. O-O Nf8 12. Qc2 Ng6 13. b4 Rf8 14. c5 Ne8 15.
cxd6 cxd6 16. Nc3 Bd7 17. Rac1 Rc8 18. Qd3 f5 19. exf5 Bxf5 20. Qe3 Nf6 21.
Qxa7 Ra8 22. Qb6 Ra6 23. Qb5 Rxa3 24. Nce4 Nxe4 25. Nxe4 Bxe4 26. Bxe4 Ra2 27.
Qb6 Rf7 28. Qe3 Nf8 29. Qb3 Rd2 30. Rc8 g6 31. Bg2 Kg7 32. Qc3 Ra2 33. f4 Qf6
34. Rc7 e4 35. Qxf6+ Kxf6 36. Rxf7+ Kxf7 37. Re1 Rd2 38. Rxe4 Rb2 39. Bh3 Rb1+
40. Kf2 Rb2+ 41. Kf3 Rb3+ 42. Kg4 Rb2 43. Rc4 Rxh2 44. Rc7+ Kg8 45. Kh4 g5+ 46.
fxg5 Ng6+ 47. Kg4 1/2-1/2

[Event "22nd Honor to National Resistance"]
[Site "Nikaia"]
[Date "2014.08.29"]
[Round "4.10"]
[White "Panagiotakos, Nikolaos"]
[Black "Fessas, Prokopios"]
[Result "1/2-1/2"]
[WhiteElo "2146"]
[BlackElo "1981"]
[PlyCount "64"]
[EventDate "2014.08.26"]

1. e4 c6 2. d4 d5 3. Nc3 dxe4 4. Nxe4 Bf5 5. Ng3 Bg6 6. Nf3 Nd7 7. Bd3 e6 8.
O-O Ngf6 9. b3 Bd6 10. c4 O-O 11. Bb2 Qc7 12. Bxg6 hxg6 13. Qe2 c5 14. Rfd1
Rfe8 15. Ne5 cxd4 16. Nxd7 Qxd7 17. Rxd4 Qc7 18. Rh4 Be7 19. Be5 Qc6 20. Rh3
Rad8 21. Re1 Rd7 22. Bxf6 Bxf6 23. Ne4 Be7 24. Rd3 Rxd3 25. Qxd3 Rd8 26. Qe3
Bb4 27. Rf1 a5 28. Ng5 Be7 29. Qf4 Bf6 30. Ne4 Be7 31. Ng5 Bf6 32. Ne4 Be7
1/2-1/2

[Event "22nd Honor to National Resistance"]
[Site "Nikaia"]
[Date "2014.08.29"]
[Round "4.11"]
[White "Katopodis, Dimitrios"]
[Black "Skaperdas, Kostantinos"]
[Result "1/2-1/2"]
[WhiteElo "1780"]
[BlackElo "2102"]
[PlyCount "72"]
[EventDate "2014.08.26"]

1. d4 Nf6 2. Nf3 g6 3. c4 Bg7 4. Nc3 d5 5. cxd5 Nxd5 6. e4 Nxc3 7. bxc3 c5 8.
Be3 Qa5 9. Bd2 Bg4 10. Qb3 O-O 11. Be2 Qc7 12. Rc1 Nc6 13. d5 Na5 14. Qc2 Bxf3
15. Bxf3 Nc4 16. Be2 Nxd2 17. Qxd2 c4 18. O-O b5 19. f4 Qc5+ 20. Kh1 Rad8 21.
Bf3 e6 22. h3 exd5 23. exd5 a5 24. Qc2 Qe3 25. a4 Qxf4 26. axb5 Be5 27. g4 f5
28. gxf5 Rxf5 29. Bg4 Qxf1+ 30. Rxf1 Rxf1+ 31. Kg2 Rdf8 32. Qe2 R8f2+ 33. Qxf2
Rxf2+ 34. Kxf2 a4 35. Be2 Bxc3 36. Bxc4 Bd4+ 1/2-1/2

[Event "22nd Honor to National Resistance"]
[Site "Nikaia"]
[Date "2014.08.29"]
[Round "4.12"]
[White "Papasimakopoulos, Alexandros"]
[Black "Petougias, Georgios"]
[Result "1-0"]
[WhiteElo "2270"]
[BlackElo "1949"]
[PlyCount "93"]
[EventDate "2014.08.26"]

1. d4 Nf6 2. c4 e5 3. dxe5 Ng4 4. e3 Nxe5 5. Nh3 Bb4+ 6. Bd2 Bxd2+ 7. Qxd2 d6
8. Nf4 Be6 9. b3 O-O 10. Be2 a5 11. Nc3 Na6 12. O-O Nc5 13. Rad1 Qh4 14. g3 Qh6
15. Nxe6 Qxe6 16. f4 Ng4 17. Nd5 Qd7 18. Bxg4 Qxg4 19. Nxc7 Rac8 20. Qxd6 Ne4
21. Qe5 Nxg3 22. Rd2 Nxf1+ 23. Kxf1 Rcd8 24. Nd5 Qe6 25. Qc7 Kh8 26. Qxa5 Qf5
27. Qb4 Rfe8 28. Qxb7 Re6 29. Nc3 Rde8 30. Qf3 Qa5 31. Rd3 Rd8 32. Rd5 Qc7 33.
Nb5 Qe7 34. Nd4 Rf8 35. Nxe6 fxe6 36. Ra5 Qd8 37. Ra7 h6 38. Ke2 e5 39. Qg2 Rg8
40. fxe5 Qb8 41. Re7 Qb4 42. Rd7 Qc3 43. Qe4 Qb2+ 44. Rd2 Qa1 45. Qf4 Qg1 46.
Rd6 Qa1 47. Rxh6+ 1-0

[Event "22nd Honor to National Resistance"]
[Site "Nikaia"]
[Date "2014.08.29"]
[Round "4.13"]
[White "Papakonstantinou, Dimitrios"]
[Black "Liodakis, Konstantinos-Spyros"]
[Result "1-0"]
[WhiteElo "1947"]
[BlackElo "2170"]
[PlyCount "67"]
[EventDate "2014.08.26"]

1. d4 d5 2. Nf3 Nf6 3. c4 e6 4. Nc3 c6 5. cxd5 exd5 6. Bg5 Be7 7. Qc2 O-O 8. e3
Nbd7 9. Bd3 Re8 10. O-O h6 11. Bh4 Ne4 12. Bxe7 Qxe7 13. b4 a6 14. Rab1 Nb6 15.
Ne5 f6 16. Ng6 Qf7 17. Nf4 f5 18. Be2 Nf6 19. Na4 Nxa4 20. Qxa4 g5 21. Nd3 Ne4
22. Qc2 Qf6 23. Ne5 Rxe5 24. dxe5 Qxe5 25. Bd3 Nd6 26. Rbd1 Bd7 27. f4 Qe6 28.
fxg5 hxg5 29. g4 fxg4 30. e4 Re8 31. e5 Nf7 32. Bf5 Qe7 33. Bxd7 Qxd7 34. Qg6+
1-0

[Event "22nd Honor to National Resistance"]
[Site "Nikaia"]
[Date "2014.08.29"]
[Round "4.14"]
[White "Koutsogiannis, Efthymios"]
[Black "Michelakos, Panagiotis"]
[Result "0-1"]
[WhiteElo "1920"]
[BlackElo "2146"]
[PlyCount "142"]
[EventDate "2014.08.26"]

1. e4 c5 2. c3 d6 3. d4 Nf6 4. f3 Nc6 5. dxc5 dxc5 6. Qxd8+ Kxd8 7. Be3 e6 8.
Nd2 Kc7 9. Nb3 b6 10. O-O-O Be7 11. Nh3 h6 12. Be2 e5 13. Bc4 Bxh3 14. gxh3
Rhf8 15. Rhg1 Nh5 16. a4 Rad8 17. Bd5 Rd6 18. Kc2 Rg6 19. a5 Bg5 20. Bxg5 Rxg5
21. h4 Rxg1 22. Rxg1 f5 23. axb6+ axb6 24. Rg6 Rf6 25. exf5 Ne7 26. Rxf6 gxf6
27. Be4 Nf4 28. Nd2 Ng2 29. h5 Nf4 30. Nc4 Nxh5 31. Ne3 Kd6 32. Ng4 Ng8 33. c4
Nf4 34. Kd2 h5 35. Ne3 Ne7 36. Ke1 Kc7 37. Kf2 b5 38. Ke1 Kb6 39. Kd2 Nc8 40.
Kc3 Nd6 41. cxb5 Kxb5 42. b3 Ne2+ 43. Kb2 Nf4 44. Kc3 Ne2+ 45. Kb2 c4 46. Nd5
Ne8 47. bxc4+ Kxc4 48. Kc2 Kd4 49. Kd2 Ng1 50. Ne3 Nh3 51. Nc2+ Kc4 52. Ne3+
Kc5 53. Nd5 Kd4 54. Ne3 Nd6 55. Nc2+ Kc5 56. Kc3 Nxe4+ 57. fxe4 Nf2 58. Kd2
Nxe4+ 59. Ke3 Nd6 60. Kf3 Nxf5 61. Ke4 Nd6+ 62. Kf3 Kc4 63. Ne3+ Kd3 64. h3 Nb5
65. Nd5 f5 66. Nf6 h4 67. Nd7 Nd4+ 68. Kf2 e4 69. Nc5+ Kd2 70. Nd7 e3+ 71. Kg2
e2 0-1